000 01102nam a22003257a 4500
001 0012373
003 KOHA_MİRAKIL
005 20260207001848.0
007 ta
008 100112b2002 tu |||gr||||#||||1|tur |
020 _a975172886X
_c0,01
040 _aTR-BiSEU
_btur
_cTR-BiSEU
_erda
041 0 _atur
044 _ctu
050 _aPL223.O93
_bS69 2002
100 1 _aÖzer, Ahmet.
245 1 _aSözün kanatlarında/
_cAhmet Özer ; Ahmet Özer.
264 1 _aAnkara :
_bKültür Bakanlığı
_c2002
300 _aVIII, 268 sayfa; 20 cm.
336 _ametin
_btxt
_2rdacontent
337 _aaracısız
_bn
_2rdamedia
338 _acilt
_bnc
_2rdacarrier
490 1 _aKültür Bakanlığı yayınları ;
_v2884.
490 1 _aYayımlar Dairesi Başkanlıı sanat-edebiyat eserleri dizisi ;
_v405-140.
650 0 _aTurkish literature--Essays.
_97682
650 0 _aTürk edebiyatı--Denemeler.
_97681
830 1 _aKültür Bakanlığı yayınları ;
_v2884.
_96658
830 1 _aYayımlar Dairesi Başkanlıı sanat-edebiyat eserleri dizisi ;
_v405-140.
_929879
942 _2lcc
_cBK
999 _c12342
_d12342